| 000 | 00509nam a2200193Ia 4500 | ||
|---|---|---|---|
| 008 | 170203s9999 xx 000 0 und d | ||
| 020 | _a2894299648 | ||
| 050 | _aFic | ||
| 050 | _bB915a | ||
| 100 | _aBryant, Robyn. | ||
| 245 | _aArbuckle the space shuttle / | ||
| 245 | _cillustrated by Monika Stolarczyk ; written by Robyn Bryant. | ||
| 260 | _aMontreal : | ||
| 260 | _bTormont Publications, | ||
| 260 | _c2000 | ||
| 300 | _a14 pages : | ||
| 300 | _bcolor illustrations ; | ||
| 300 | _c16 cm. | ||
| 999 |
_c306441 _d306441 |
||